Statistiques concernant Pays de moins de 1000 km²

Cliquez ici pour prendre le quiz!

Statistiques générales

  • Ce quiz a été pris 194 fois
    (128 depuis la dernière actualisation)
  • Le résultat moyen est 18 sur 22

Statistiques - réponses

Superficie (km)Pays% Correct
2Monaco
97%
0,44Vatican
97%
61Saint-Marin
94%
160Liechtenstein
92%
468Andorre
91%
261Saint-Christophe-et-Niévès
87%
616Sainte-Lucie
86%
21Nauru
85%
719Singapour
85%
26Tuvalu
85%
430Barbade
84%
389Saint-Vincent-et-les-Grenadines
84%
747Tonga
82%
344Grenade
80%
811Kiribati
78%
459Palaos
76%
443Antigua-et-Barbuda
74%
751Dominique
73%
316Malte
72%
964Sao Tomé-et-Principe
72%
455Seychelles
72%
760Bahreïn
63%

Distribution des résultats

Percentile par nombre de réponses

% des personnes avec chaque résultat

Votre développement - résultats

Vous n’avez pas pris ce quiz depuis la dernière actualisation